| 000 | 00613nam a2200217 a 4500 | ||
|---|---|---|---|
| 001 | BRCA_5828 | ||
| 005 | 20190320205229.0 | ||
| 008 | 110311c1949----nyua######---#000-0#eng-# | ||
| 041 | _aeng | ||
| 044 | _anyu | ||
| 050 | 4 |
_aNK7112 _b.P45 1949 |
|
| 100 | 1 |
_aPhillips, John Marshall _d1905-1953 _914762 |
|
| 245 | 1 | 0 |
_aAmerican silver _cJohn Marshall Phillips. |
| 260 |
_aNueva York _bChanticleer _c1949 |
||
| 300 |
_a128 p. _bil. (algunas a color), 36 láminas _c23 cm. |
||
| 500 | _aG38 | ||
| 504 | _aBibliografía: p. 127-128 | ||
| 650 | 1 | 4 |
_aPlatería _zEstados Unidos _914763 |
| 902 | _aGFM | ||
| 942 |
_2lcc _cB |
||
| 999 |
_c5517 _d5517 |
||